Tourism management, ការគ្រប់គ្រងទេសចរណ៍ (Record no. 9326)

000 -LEADER
fixed length control field 00304nam a22001097a 4500
040 ## - CATALOGING SOURCE
Transcribing agency SY
082 ## - DEWEY DECIMAL CLASSIFICATION NUMBER
Classification number 338
100 ## - MAIN ENTRY--AUTHOR NAME
Personal name LOEUN SIMONA; លឿង​ ស៊ីម៉ូណា
245 ## - TITLE STATEMENT
Title Tourism management, ការគ្រប់គ្រងទេសចរណ៍
260 ## - PUBLICATION, DISTRIBUTION, ETC. (IMPRINT)
Place of publication RUA
Name of publisher LOE
Year of publication 1997
942 ## - ADDED ENTRY ELEMENTS (KOHA)
Koha item type សៀវភៅភាសាខ្មែរ
952 ## - LOCATION AND ITEM INFORMATION (KOHA)
Withdrawn status [LOCAL, KOHA] 0
952 ## - LOCATION AND ITEM INFORMATION (KOHA)
Withdrawn status [LOCAL, KOHA] 0
952 ## - LOCATION AND ITEM INFORMATION (KOHA)
Withdrawn status [LOCAL, KOHA] 0
952 ## - LOCATION AND ITEM INFORMATION (KOHA)
Withdrawn status [LOCAL, KOHA] 0
Holdings
Permanent Location Date acquired Koha item type Lost status Shelving location Barcode Current Location Full call number
Library Block C2016-08-31សៀវភៅភាសាខ្មែរ C193RUA043026Library Block C338 LOE 1997 C193
Library Block C2016-08-31សៀវភៅភាសាខ្មែរ C193RUA061630Library Block C338 LOE 1997 C193
Library Block C2016-08-31សៀវភៅភាសាខ្មែរ C193RUA045574Library Block C338 LOE 1997 C193
Library Block C2016-09-19សៀវភៅភាសាខ្មែរ C197RUA043260Library Block C338​​ LOE 1997 C197
មជ្ឈមណ្ឌលឯការនៃសាកលវិទ្យាល័យភូមិន្ទកសិកម្មចំការដូង

Powered by Koha